| 000 | 00413nam a2200157 i 4500 | ||
|---|---|---|---|
| 001 | bg | ||
| 100 | 1 | _aARONOV, Vadim Lvovič | |
| 245 | 0 |
_aIspytanie i issledovanie poluprovodnikovych priborov / _cV.L. Aronov, Ja.A. Fedotov. |
|
| 260 |
_aMoskva, _c1975. |
||
| 700 | 1 | _aFEDOTOV, Jakov Andreevič | |
| 040 | _cBPK | ||
| 041 | _apol | ||
| 080 | _a621.382 | ||
| 942 | _cKS | ||
| 008 | s pl f |000 0 pol | ||
| 999 |
_c471 _d471 |
||
| 856 |
_uhttp://koha.tu.koszalin.pl/cgi-bin/koha/opac-detail.pl?biblionumber=471 _yKatalog online BPK |
||